00469nam a2200181Ia 4500008004100000020001800041245003100059245001600090245005600106260001500162260001600177260000900193300001500202300002500217300001000242440002700252500000800279170705s9999 xx 000 0 und d a9780531177792 aLittle sister, big mess! : bopposites / cJane E. Gerver ; illustrated by Shelley Dietirichs. aNew York : bScholastic, c2007 a31 pages : bcolor illustration ; c19cm. aRookie ready to learn. a110